Bilecik Bilecik Bilecik Bilecik Bilecik

Bayesgil istatistik/ (Record no. 15021)

MARC details
000 -BAŞLIK
Sabit Uzunluktaki Kontrol Alanı 01240nam a22003617a 4500
001 - KONTROL NUMARASI
Control Dosyası 0015058
003 - KONTROL NUMARASI KİMLİĞİ
Kontrol Alanı KOHA_MİRAKIL
005 - EN SON İŞLEM TARİHİ ve ZAMANI
Kontrol Alanı 20260207002015.0
007 - FİZİKSEL TANIM SABİT ALAN - GENEL BİLGİ
Sabit uzunluklu kontrol alanı ta
008 - SABİT UZUNLUKTAKİ VERİ ÖGELERİ - GENEL BİLGİ
Sabit Alan 100311b1992 tu |||gr||||#||||0|tur |
020 ## - ISBN - ULUSLARARASI STANDART KİTAP NUMARASI
Isbn 9757657646
Kullanılabilirlik koşulları 0,01
040 ## - KATALOGLAMA KAYNAĞI
Özgün Kataloglama Kurumu TR-BiSEU
Kataloglama Dili tur
Çeviri Kurumu TR-BiSEU
Açıklama Kuralları rda
041 0# - DİL KODU
Metin ya da ses kaydının dil kodu tur
044 ## - YAYINLAYAN/ÜRETEN KURULUŞUN ÜLKE KODU
ISO country code tu
050 ## - SINIFLAMA ve YER NUMARASI
Sınıflama Numarası QA279.5
Yer Numarası .G87 1992
100 1# - KİŞİ ADI
Yazar Adı (Kişi adı) Gürsakal, Necmi.
245 1# - ESER ADI BİLDİRİMİ
Başlık Bayesgil istatistik/
Sorumluluk Bildirimi Necmi Gürsakal ; Necmi Gürsakal.
264 #1 - ÜRERİM, YAYIN, DAĞITIM ve TELİF BİLDİRİMİ
Yayın yeri Bursa :
Yayınlayan Uludağ Üniversitesi
Yayın tarihi 1992
300 ## - FİZİKSEL TANIMLAMA
Sayfa, Cilt vb. 145 sayfa: tablo
336 ## - İÇERİK TÜRÜ
Content type term metin
Content type code txt
Source rdacontent
337 ## - MEDYA TÜRÜ
Media type term aracısız
Media type code n
Source rdamedia
338 ## - TAŞIYICI TÜRÜ
Carrier type term cilt
Carrier type code nc
Source rdacarrier
490 1# - DİZİ BİLDİRİMİ
Dizi Bildirimi Uludağ Üniversitesi Güçlendirme Vakfı yayını ;
Cilt Numarası 68.
490 1# - DİZİ BİLDİRİMİ
Dizi Bildirimi U.Ü.İ.İ.B.F.
490 1# - DİZİ BİLDİRİMİ
Dizi Bildirimi İşletme İktisadı ve Muhasebe Araştırma ve Uygulama Merkezi yayın ;
Cilt Numarası 69.
500 ## - GENEL NOT
Genel Not Kaynakça var.
650 #0 - KONU BAŞLIĞI EK GİRİŞ - KONU TERİMİ
Konusal terim veya coğrafi ad İstatistik.
9 (RLIN) 1712
650 #0 - KONU BAŞLIĞI EK GİRİŞ - KONU TERİMİ
Konusal terim veya coğrafi ad Bayes istatistiksel karar teorisi.
9 (RLIN) 34966
830 1# - SERİ EK GİRİŞİ - TEKBİÇİM ESER ADI
Tekbiçim Başlık Uludağ Üniversitesi Güçlendirme Vakfı yayını ;
Volume number/sequential designation 68.
9 (RLIN) 34967
830 1# - SERİ EK GİRİŞİ - TEKBİÇİM ESER ADI
Tekbiçim Başlık U.Ü.İ.İ.B.F.
9 (RLIN) 9333
830 1# - SERİ EK GİRİŞİ - TEKBİÇİM ESER ADI
Tekbiçim Başlık İşletme İktisadı ve Muhasebe Araştırma ve Uygulama Merkezi yayın ;
Volume number/sequential designation 69.
9 (RLIN) 15435
942 ## - EK GİRİŞ ÖGELERİ (KOHA)
Source of classification or shelving scheme Library of Congress Classification
Koha item type Book
Holdings
Materyal Türü Kalıcı Konum Mevcut Konum Raf Yeri Sınıflandırma Kaynağı Edinim Bilgisi Ana Konular Alt Konular Yer Numarası Demirbaş Numarası Fatura Tarihi Geri Çekilme Durumu Kayıp Durumu Hasarlı Durumu Kredi için değil Kayıt Tarih Toplam Ödünçverme Son Görülme Tarihi Son Kontrol Tarihi Genel / Bağış Notu
Book Prof. Dr. Azmi Özcan Kütüphanesi Prof. Dr. Azmi Özcan Kütüphanesi Birûni Salonu Library of Congress Classification Bağış BİLİM Matematik QA279.5 .G87 1992 0015058 13/08/2010         11/03/2010 1 05/12/2024 05/12/2024 YÖK Tez Merkezi